|
|
|
|
| LEADER |
00896nam a2200241 a 4500 |
| 001 |
000635544 |
| 003 |
CZ BrMZK |
| 005 |
20130130115826.0 |
| 007 |
ta |
| 008 |
021111s1926 xr f cze d |
| 040 |
|
|
|a BOA001
|b cze
|c BOA001
|
| 100 |
1 |
|
|a Formánek, Jaroslav,
|d 1864-1936
|7 jk01031582
|4 aut
|
| 245 |
1 |
0 |
|a Chemie lékařská.
|n [2.],
|p Část organická /
|c Jaroslav Formánek ; nově zpracovali dle přednášek prof. Formánka Lad. Tesař a K. Rybáček r. 1925
|
| 246 |
3 |
0 |
|a Část organická
|
| 250 |
|
|
|a Opr. a dopl. vyd.
|
| 260 |
|
|
|a Praha :
|b Spolek českých mediků,
|c 1926
|
| 300 |
|
|
|a 80 s.
|
| 500 |
|
|
|a Na obálce vročení 1930
|
| 700 |
1 |
|
|a Tesař, Ladislav
|7 mzk2013744612
|4 aut
|
| 700 |
1 |
|
|a Rybáček, K.
|7 mzk2012722487
|4 aut
|
| 910 |
|
|
|a BOA001
|b 4-0247.923,2
|
| 990 |
|
|
|a BK
|
| 996 |
7 |
|
|b 2619486114
|c 4-0247.923,2
|l MZK
|r Sklad / do 24 hodin
|n 2
|w 000635544
|u 000010
|a 1
|e BOA001
|j MZK50
|s A
|